000 00333 a2200157 4500
001 68125
020 _a9783190110605
040 _cAnchieta - Pituba
100 _aKirschstein, Veronika
240 1 0 _aMit uns B1+
_ldeu / ger
245 1 0 _aMit uns B1+
300 _a148
362 0 _a2017
650 4 _aLíngua alemã
942 _cBK
999 _c68125
_d68125